Gaming Quiz

Random Gaming Quiz
Score 0/100 Timer 10:00
0 Plays Today
# Game % Correct
1Half-Life
93.9%
4Halo
92.6%
2Doom
92.3%
5Call of Duty 4
92.1%
7Halo 2
91.8%
3Half-Life 2
90.6%
68Halo 3
89.5%
49Doom II
86%
6Goldeneye
86%
47Call of Duty 2
83.9%
46Halo 4
83.4%
50Quake
81.1%
89Doom 3
79.3%
9Counter Strike
78.1%
10Quake II
77.6%
17Quake III
74.5%
23Battlefield 2
74%
11Wolfenstein 3D
74%
96Halo Reach
71.7%
8Bioshock
71.7%
44Call of Duty Black Ops
70.7%
18Team Fortress 2
69.9%
55Perfect Dark
69.1%
90Battlefield 3
68.9%
21Duke Nukem 3D
67.3%
39Far Cry
67.1%
12Metroid Prime
67.1%
25Crysis
66.3%
65Far Cry 2
66.1%
33Far Cry 3
65.8%
24Left 4 Dead
63%
92Crysis 2
62.5%
48Unreal
62.2%
20Medal of Honor
61.5%
# Game % Correct
16Unreal Tournament
61%
45Left 4 Dead 2
60.5%
31Bioshock Infinite
59.9%
13Battlefield 1942
59.4%
82Metroid Prime 2
59.2%
77Crysis 3
58.4%
67Borderlands
58.4%
41Metroid Prime 3
57.9%
43Borderlands 2
55.6%
14Deus Ex
53.8%
99Black
53.3%
15Tom Clancy's Rainbow Six
51.5%
93Star Wars Dark Forces II: Jedi Knight
48.5%
57Halo 3 ODST
46.9%
81Counter Strike Source
46.7%
58Return to Castle Wolfenstein
46.4%
70Killzone 3
44.6%
42Battlefield Bad Company 2
44.1%
29Star Wars Dark Forces
44.1%
35System Shock 2
43.9%
26FEAR
43.6%
51Serious Sam
42.6%
73Hexen
42.3%
54Marathon
41.8%
60Timesplitters 2
39.8%
71Red Faction
39.3%
91Heretic
38.5%
28Star Wars Jedi Knight 2
38%
69Tom Clancy's Rainbow Six Vegas
36.2%
88Unreal Tournament 2003
35.7%
85Deus Ex Human Revolution
35.7%
66Bulletstorm
35.2%
19Tom Clancy's Ghost Recon
35.2%
94Red Faction 2
33.9%
# Game % Correct
64Prey
33.7%
79Timesplitters Future Perfect
32.9%
38Tom Clancy's Rainbow Six 3
32.4%
52No One Lives Forever
31.9%
95Turok 2
31.6%
36Star Wars Republic Commando
30.9%
56Painkiller
30.6%
97SiN
30.4%
40Alien Vs Predator (Atari Jaguar)
27%
22Tribes 2
27%
53Metro 2033
26%
59Rise of the Triad
25.8%
100XIII
25.5%
61Soldier of Fortune II
24.7%
34SWAT 4
24.7%
83Aliens Vs Predator
23.7%
63Singularity
23.7%
78STALKER: Shadow of Chernobyl
23.5%
84Return to Castle Wolfenstein Enemy Territory
22.2%
30Planetside 2
21.9%
62The Darkness
21.7%
27Chronicles of Riddick Escape from Butcher Bay
21.4%
87Star Trek Voyager: Elite Force
21.2%
86STALKER: Call of Pripyat
21.2%
80Tribes Ascend
20.9%
32Brothers in Arms Road to Hill 30
20.2%
37Star Trek Elite Force II
19.6%
75Red Steel 2
19.4%
98Tron 2.0
18.1%
72Red Orchestra 2
17.6%
76Blacklight Retribution
16.1%
74Clive Barker's Undying
9.7%
Remove Ads.
Support Sporcle.
Get the best of Sporcle when you Go Orange. This ad-free experience offers more features, more stats, and more fun while also helping to support Sporcle. Thank you for becoming a member.

You're not logged in!

Compare scores with friends on all Sporcle quizzes.
OR
Log In

Show Comments

Extras

Created Oct 1, 2013ReportNominate
Tags:100, fps, IGN, Top 100

Top Quizzes Today


Score Distribution

Your Account Isn't Verified!

In order to create a playlist on Sporcle, you need to verify the email address you used during registration. Go to your Sporcle Settings to finish the process.

Report this User

Report this user for behavior that violates our Community Guidelines.

Details: